Pesticide residues in food - 2005 : Report of the joint meeting of the FAO panel of experts on pesticide residues in food and the environment and the WHO core assessment group on pesticide residues Geneva, Switzerland, 20-29 Septamber 2005
Tallennettuna:
| Aineistotyyppi: | Kirja |
|---|---|
| Kieli: | Undetermined |
| Julkaistu: |
Rome
FAO
2005
|
| Aiheet: | |
| Tagit: |
Lisää tagi
Ei tageja, Lisää ensimmäinen tagi!
|
| Thư viện lưu trữ: | Trung tâm Học liệu Trường Đại học Cần Thơ |
|---|
| LEADER | 00643nam a2200169Ia 4500 | ||
|---|---|---|---|
| 001 | CTU_103773 | ||
| 008 | 210402s9999 xx 000 0 und d | ||
| 082 | |a 363.7348 | ||
| 082 | |b P476 | ||
| 245 | 0 | |a Pesticide residues in food - 2005 : | |
| 245 | 0 | |b Report of the joint meeting of the FAO panel of experts on pesticide residues in food and the environment and the WHO core assessment group on pesticide residues Geneva, Switzerland, 20-29 Septamber 2005 | |
| 260 | |a Rome | ||
| 260 | |b FAO | ||
| 260 | |c 2005 | ||
| 650 | |a Pesticide residues in food,Public health | ||
| 904 | |i Minh | ||
| 980 | |a Trung tâm Học liệu Trường Đại học Cần Thơ | ||